1922 1443 1746 1040 1064 1061 1246 1792 1522 1066 1527 1663 1090 1286 1175 1179 1007 1972 1957 1981 1311 1031 1248 1040 1111 1626 1368 1421 1302 1292 1452 1576 1094 1213 1559 1071 1236 1428 1926 1254 1577 1676 1169 1403 1804 1950 1167 1716 1072 1311 1122 1501 1485 1843 1399 1448 1977 1921 1220 1617 1018 1279 1091 1447 1923 1795 1141 1404 1225 1037 1343 1600 1609 1465 1843 1852 1648 1047 1125 1904 1252 1093 1995 1019 1745 1845 1543 1408 1964 1980 1954 1669 1963 1341 1209 1136 1944 1855 1728 BCNSPRNW ULIB Ver.6.0+V

เปลี่ยนเป็นภาษาไทย

Change to English
 แสดงรายละเอียดบรรณานุกรม
  กลับหน้าหลัก

Brief Record : Get Marc (ISO 2709) : E-mail record : QR code < ปิดหน้าต่าง
LEADER : 00000nam 2200000uu 4500
001    13399127230
003     ULIB
008    020711s2562 th a 000 0 tha d
020    ^a9786168245033
060    ^aW84.6^bช615ก
100    ^aชุติกาญจน์ หฤทัย
245    ^aการประเมินคุณภาพการพยาบาลในโรงพยาบาล กระทรวงสาธารณสุข
250    ^aพิมพ์ครั้งที่ 1
260    ^aนนทบุรี :^bกองการพยาบาล สำนักงานปลัดกระทรวง กระทรวงสาธารณสุข,^c2562
300    ^a136 หน้า;^b30 ซม.
650    ^aการประเมินคุณภาพการพยาบาล
945    ^p0^l0^i006405
999    ^aประนอม เกษจรัล
รายการนี้ยังไม่มีแท็ก
คุณยังไม่ได้ล็อกอิน คุณสามารถมีกิจกรรมร่วมกับเว็บไซต์ได้ แต่ต้องล็อกอินก่อน ::
  ล็อกอิน

รายการสื่อสารสนเทศ

ลำดับที่ ประเภท เลขเรียก/บาร์โค้ด สถานที่ สถานะ
1. Book การพยาบาล
หนังสือสำรอง
สถานะ=หนังสือสำรอง
W84.6 ช615ก ฉ.1 
  Barcode: 006405
ห้องสมุดวิทยาเขตสวรรค์ประชารักษ์
►หนังสือทั่วไป
บนชั้น

รายการใกล้เคียง
    หัวเรื่อง [การประเมินคุณภาพการพยาบาล]

BibComment


ยังไม่เคยถูกคอมเมนท์

คอมเมนท์ทรัพยากรรายการนี้
  คอมเมนท์: การประเมินคุณภาพ..


 Copyright 2026. Bcnsprnw @Library